000 00284nam a22001337a 4500
008 170605b xxu||||| |||| 00| 0 eng d
020 _a9780060538118
041 _aeng
080 _a94
100 _a18
101 _aSHH
245 _aAMELIA PEABODY
_cPETERS.E
942 _2udc
_cBK
999 _c15917
_d15917